LEADER 00934nam a2200217 i 4500 001 000000156191 003 CaOOAMICUS 005 20061129000000.0 008 061129s1965 it u000 u ita u 013 $a133546 040 $aSeMil$bita 245 10$aPiero della Francesca /$c[Giovanni Previtali]. 260 $aMilano :$bFabbri,$ccopyr. 1965. 300 $a[8] p., 16 p. di tav. riccamente ill. ;$c36 cm. 490 0 $aI maestri del colore : la più grande collana d'arte del mondo ;$v89 700 1 $aPrevitali, Giovanni <1934-1988>.$0(OLS)http://semarc/name/89584 830 2$aI maestri del colore : la più grande collana d'arte del mondo ;$v89.$0(OLS)http://semarc/title/2091 850 $aSeMil 852 $aSeMil$W1$xVenegono$y1$m5G XII 9/89$j107993$B107993$CSeMilBibl$Z2$F117620 $81 996 $6245$aPiero della Francesca$9(OLS)http://semarc/title/14411 996 $6260$aMilano :$bFabbri$9(OLS)http://semarc/publisher/30054 LEADER 01292nam a2200241 i 4500 001 000000189057 003 CaOOAMICUS 005 20100429000000.0 008 100429s1973 fr u000 u ger u 013 $a167312 040 $aSeMil$bita 100 1 $aBlumenkranz, Bernhard.$0(OLS)http://semarc/name/69234 245 14$aDie Judenpredigt Augustins :$bein Beitrag zur Geschichte der jüdisch-christlichen Beziehungen in den ersten Jahrhunderten /$cBernhard Blumenkranz. 250 $aRéimpression de la 1. édition Bâle 1946 avec une Préface de Marcel Simon. 260 $aParis :$bÉtudes Augustiniennes,$c1973. 300 $aXX, 218 p. ;$c25 cm. 490 0 $aCollection d'Études augustiniennes. Série antiquité 650 4$aAgostino, Aurelio . Adversus Iudaeos.$0(OLS)http://semarc/subject/35584 830 0$aCollection d'Études augustiniennes. Série antiquité.$0(OLS)http://semarc/title/9394 850 $aSeMil 852 $aSeMil$W1$xVenegono$y1$m2T V 148$j139691$B139691$CSeMilBibl$Z2$F151294 $81 996 $6245$aDie Judenpredigt Augustins :$bein Beitrag zur Geschichte der jüdisch-christlichen Beziehungen in den ersten Jahrhunderten$9(OLS)http://semarc/title/272195 996 $6260$aParis :$bÉtudes Augustiniennes$9(OLS)http://semarc/publisher/30131